Ignacio Torres Adalid y la industria pulquera /

Investigación sobre la importancia del hacendado Ignacio Torres Adalid (1836?-1914) en la industria del pulque, uno de los integrantes del monopolio pulquero desarrollado en los Llanos de Apan, y de la problemática de esta bebida, que a causa del racismo y la maledicencia cayó en el despresigio y pe...

Descripción completa

Guardado en:
Detalles Bibliográficos
Autor principal: Ramírez Rancaño, Mario (autor)
Formato: Libro
Idioma:Español
Publicado: México : UNAM, Instituto de Investigaciones Sociales : Plaza y Valdés, 2000, c2000
Temas:
Etiquetas: Agrega una etiqueta
Sin etiquetas, Sé el primero en etiquetar este registro!

MARC

LEADER 00000nam^a2200000^a^4500
001 000142912
005 20250521000000.0
009 20260310095707.176
020 |a 968-856-812-0 
037 |a Acervo ITESO - Biblioteca 
041 |a ESP 
082 |a 972. 05  |b RAM 
100 |a Ramírez Rancaño, Mario  |e (autor) 
245 1 0 |a Ignacio Torres Adalid y la industria pulquera /  |c M. Ramírez Rancaño. 
264 4 |a México :  |b UNAM, Instituto de Investigaciones Sociales :  |b Plaza y Valdés,  |c 2000, c2000 
300 |a 356 p. 
336 |a texto  |b txt  |2 rdacontenido 
337 |a sin mediación  |b n  |2 rdamedio 
338 |a volumen  |b nc  |2 rdasoporte 
520 |a Investigación sobre la importancia del hacendado Ignacio Torres Adalid (1836?-1914) en la industria del pulque, uno de los integrantes del monopolio pulquero desarrollado en los Llanos de Apan, y de la problemática de esta bebida, que a causa del racismo y la maledicencia cayó en el despresigio y perdió preferencia en el gusto de los consumidores. 
649 |a XX 
650 |a Industriales Mexicanos 
650 |a Empresarios Mexicanos 
650 |a Terratenientes Mexicanos 
650 |a Pulque -  |z Apan, Hidalgo -  |x Tema Principal 
650 |a Pulque -  |z Apan, Hidalgo -  |x Industria y Comercio 
650 |a Pulque -  |z Apan, Hidalgo -  |x Historia 
650 |a Pulque -  |z México -  |x Industria y Comercio 
650 |a Pulque -  |z México -  |x Historia 
650 |a Mezcal -  |z Apan, Hidalgo -  |x Historia 
650 |a Mezcal -  |z México -  |x Historia 
650 |a Bebidas Alcohólicas -  |z Apan, Hidalgo -  |x Historia 
650 |a Bebidas Alcohólicas -  |z México -  |x Historia 
650 |a Maguey -  |z Apan, Hidalgo -  |x Historia 
650 |a Maguey -  |z México -  |x Historia 
650 |a Industria Alimenticia -  |z Apan, Hidalgo -  |x Historia 
650 |a Industria Alimenticia -  |z México -  |x Historia 
650 |a Monopolio -  |z Apan, Hidalgo -  |x Historia 
650 |a Monopolio -  |z México -  |x Historia 
650 |a Economía -  |z Apan, Hidalgo -  |x Historia 
650 |a Economía -  |z México -  |x Historia 
650 |a Apan, Hidalgo -  |x Historia -  |y Porfirismo, 1876-1911 
650 |a Apan, Hidalgo -  |x Historia -  |y República Liberal, 1867-1911 
650 |a Apan, Hidalgo -  |x Historia -  |y Revolución, 1910-1917 
650 |a Apan, Hidalgo -  |x Historia -  |y Siglo XIX 
650 |a Apan, Hidalgo -  |x Historia -  |y Siglo XX 
650 |a México -  |x Historia -  |y Porfirismo, 1876-1911 
650 |a México -  |x Historia -  |y República Liberal, 1867-1911 
650 |a México -  |x Historia -  |y Revolución, 1910-1917 
650 |a México -  |x Historia -  |y Siglo XIX 
650 |a México -  |x Historia -  |y Siglo XX 
650 |a Torres Adalid, Ignacio -  |x Tema Principal 
910 |a Fondo General 
920 |a Impresos - Libros 
930 |a Colección General 
905 |a 101 
901 |a 0500071404  |b IT1  |c ACC  |u 20250521 
902 |a https://opac.biblio.iteso.mx/vufind/Record/000142912